000 00544nam a2200193 i 4500
001 134228
003 ES-MaACL
005 20240416201203.0
007 t|
008 070906s1960 sp ||||1| spa d
100 1 _aXandró, Mauricio.
_9117492
245 1 0 _aSemblaza de San Pío X /
_cMauricio Xandró.
250 _a2ª ed. corr. y aum.
260 _aMadrid :
_bStudium,
_c[1960]
300 _a120 p. :
_bil. ;
_c18 cm.
600 0 4 _aPío
_bX,
_cPapa, Santo
_992299
852 _aES-MaACL
_jC-19246
_bR.47158
999 _c134228
_d134228